US Cities with highest violent crime rate - Statistics

General Stats
  • This quiz has been taken 158 times
  • The average score is 8 of 15
Answer Stats
Rank Answer % Correct
2 Detroit
88%
4 Memphis
79%
1 St Louis
72%
3 Baltimore
67%
7 Cleveland
66%
15 New Orleans
65%
5 Kansas City
59%
6 Milwaukee
54%
14 Nashville
54%
10 Indianapolis
49%
11 Oakland
43%
9 Albuquerque
39%
8 Stockton
19%
13 Anchorage
18%
12 San Bernardino
7%
No matching quizzes found
Score Distribution
Percent of People with Each Score
Percentile by Number Answered
Your Score History
You have not taken this quiz